Geography by Number of Letters - Hidden Edition - Statistics

General Stats
  • This quiz has been taken 923 times
  • The average score is 19 of 36
Answer Stats
# Hint Answer % Correct
12 Country with 50 states United States
100%
4 Most populated continent Asia
98%
5 Suez, Panama, Erie, eg. Canal
95%
5 Italy's fashion capital Milan
82%
10 Federated States of ________ Micronesia
78%
5 Alexandria country's capital Cairo
74%
7 Atlanta's US state Georgia
74%
4 Incan empire country Peru
74%
12 French region in South America French Guiana
72%
4 Pre-euro Italian currency Lira
71%
8 Napeleon's defeat: Belgium city Waterloo
69%
10 Brisbane's Australian state Queensland
68%
7 Most populous Canada province Ontario
67%
9 Jersey Shore's US state New Jersey
65%
10 Tashkent is its capital Uzbekistan
63%
8 "Hipster" borough of NYC Brooklyn
51%
6 Smallest coastal country Monaco
49%
4 Greek god of the skies Zeus
47%
11 Largest city of Tanzania Dar es Salaam
44%
10 The science of earthquakes Seismology
44%
6 Largest bay in the world Bengal
43%
11 Russian oblast bordering Poland Kaliningrad
42%
11 NYC's ice skating center Rockefeller
42%
7 Copenhagen's island Zealand
42%
6 Large saltwater body in Canada Hudson
41%
9 Appears on the UK flag Union Jack
40%
5 Czech name for "Prague" Praha
38%
8 Mt Elbrus is this range's peak Caucasus
32%
9 Palau's capital (not Melekeok) Ngerulmud
29%
12 Urban area, aka ______ area Metropolitan
28%
12 Famous California celebrity town Beverly Hills
25%
6 Guangzhou, in English form Canton
22%
11 A very terrible event in an area Catastrophe
18%
9 Most developed African country Mauritius
18%
7 _____ of Darien (Panama) Isthmus
9%
8 A line of latitude Parallel
9%
No matching quizzes found
Score Distribution
Percent of People with Each Score
Percentile by Number Answered
Your Score History
You have not taken this quiz